Tin đồn về Đại Việt trên đất Tống qua các nguồn sử liệu /

Kaydedildi:
Detaylı Bibliyografya
Yazar: Phạm Lê Huy.
Materyal Türü: Makale
Dil:Vietnamese
Konular:
Etiketler: Etiketle
Etiket eklenmemiş, İlk siz ekleyin!
Thư viện lưu trữ: Thư viện Trường Đại học Đà Lạt
LEADER 00816nam a2200277 4500
001 DLU180184317
005 ##20180406
040 # # |a DLU  |b vie 
041 # # |a vie 
044 # # |a vn 
100 # # |a Phạm Lê Huy. 
245 # # |a Tin đồn về Đại Việt trên đất Tống qua các nguồn sử liệu /  |c Phạm Lê Huy. 
653 # # |a Đại Việt  
653 # # |a Nhà Tống 
653 # # |a Tư liệu lịch sử 
653 # # |a Tin đồn 
653 # # |a Trung Quốc 
773 # # |t Nghiên cứu lịch sử   |g Số 10(462), 2014, tr. 61-69 
920 # # |a Phòng Tạp chí -- Trung tâm Thông tin - Thư viện Trường Đại học Đà Lạt 
900 # # |a True 
911 # # |a Nguyễn Thị Thu Phương 
925 # # |a G 
926 # # |a A 
927 # # |a BB 
980 # # |a Thư viện Trường Đại học Đà Lạt